[Event "94th GER-ch"]
[Site "Ostfildern GER"]
[Date "2023.08.14"]
[Round "1.1"]
[White "Fridman, Daniel"]
[Black "Dahl, Christoph"]
[Result "1-0"]
[WhiteElo "2586"]
[BlackElo "2336"]
[EventDate "2023.08.13"]
[PlyCount "57"]

1.d4 Nf6 2.Nf3 e6 3.c4 d5 4.Bg5 h6 5.Bxf6 Qxf6 6.e3 Bb4+ 7.Nbd2 O-O 8.a3 
Bxd2+ 9.Qxd2 dxc4 10.Bxc4 b6 11.Rc1 Bb7 12.Qe2 a6 13.Bd3 Rc8 14.Ne5 c5 15.
O-O Qe7 16.dxc5 Rxc5 17.Rxc5 bxc5 18.Rc1 Nd7 19.Nxd7 Qxd7 20.Rxc5 Rd8 21.
Bc2 Rc8 22.Qd3 Rd8 23.Qh7+ Kf8 24.h3 Qd6 25.b4 Qd2 26.Ba4 Qe1+ 27.Kh2 Bxg2
28.Qh8+ Ke7 29.Rc7+ 1-0

[Event "94th GER-ch"]
[Site "Ostfildern GER"]
[Date "2023.08.14"]
[Round "1.2"]
[White "Miller, Eduard"]
[Black "Graf, Alexander"]
[Result "1-0"]
[WhiteElo "2324"]
[BlackElo "2543"]
[EventDate "2023.08.13"]
[PlyCount "81"]

1.d4 Nf6 2.Bf4 b6 3.Nc3 e6 4.e4 Bb4 5.f3 d5 6.e5 Nfd7 7.a3 Be7 8.Bg3 O-O 
9.f4 c5 10.Nf3 Nc6 11.Bb5 Bb7 12.Ne2 Na5 13.c3 Rc8 14.Bd3 cxd4 15.cxd4 Nc4
16.Qb1 f5 17.exf6 Nxf6 18.Ng5 Qd7 19.Bxh7+ Kh8 20.Bd3 b5 21.Ng1 Ne4 22.
N1f3 e5 23.Bxc4 Bxg5 24.Nxe5 Qf5 25.Bd3 Bd8 26.Bxb5 Bb6 27.Bd7 Qh5 28.Qd3 
Rc4 29.Bg4 Qe8 30.Nxc4 dxc4 31.Qe3 Ba5+ 32.Kf1 Bd2 33.Qe2 Bxf4 34.Bf3 Qd8 
35.Rd1 Kg8 36.Bxf4 Rxf4 37.Kg1 Qb6 38.h4 Bd5 39.Rh3 Kh8 40.Bxe4 Rxe4 41.
Qh5+ 1-0

[Event "94th GER-ch"]
[Site "Ostfildern GER"]
[Date "2023.08.14"]
[Round "1.3"]
[White "Kunin, Vitaly"]
[Black "Malek, Daniel"]
[Result "1/2-1/2"]
[WhiteElo "2532"]
[BlackElo "2321"]
[EventDate "2023.08.13"]
[PlyCount "107"]

1.d4 d5 2.Nf3 Nf6 3.e3 c5 4.dxc5 e6 5.c4 Bxc5 6.Nc3 O-O 7.a3 dxc4 8.Bxc4 
Qxd1+ 9.Kxd1 a6 10.b4 Be7 11.Bb2 b5 12.Bb3 Bb7 13.Ke2 Nbd7 14.Rhd1 Rfd8 
15.Nd4 Ne5 16.f3 Nc6 17.Nxc6 Bxc6 18.e4 Kf8 19.Rxd8+ Rxd8 20.Nd1 Nd7 21.
Nf2 Bf6 22.Bxf6 gxf6 23.Ke3 Ke7 24.f4 a5 25.Rc1 Kd6 26.Nd3 axb4 27.e5+ 
fxe5 28.fxe5+ Kc7 29.axb4 Ra8 30.Bd1 Ra3 31.Kd4 Kb6 32.g3 Bd5 33.Nf4 Bc4 
34.Ke4 f6 35.exf6 Nxf6+ 36.Ke5 Nd5 37.Nxd5+ exd5 38.Bc2 Re3+ 39.Kd4 Re2 
40.Bxh7 Rxh2 41.Bf5 Rd2+ 42.Ke3 Re2+ 43.Kd4 Rd2+ 44.Ke3 Re2+ 45.Kf3 d4 46.
Rd1 Rb2 47.Rxd4 Rxb4 48.Rd8 Kc5 49.g4 Bd5+ 50.Ke3 Rb3+ 51.Kf4 Rf3+ 52.Ke5 
Re3+ 53.Kf4 Rf3+ 54.Ke5 1/2-1/2

[Event "94th GER-ch"]
[Site "Ostfildern GER"]
[Date "2023.08.14"]
[Round "1.4"]
[White "Tschernatsch, Johannes"]
[Black "Poetsch, Hagen"]
[Result "1/2-1/2"]
[WhiteElo "2319"]
[BlackElo "2484"]
[EventDate "2023.08.13"]
[PlyCount "97"]

1.e4 c5 2.Nf3 e6 3.g3 Nc6 4.Bg2 Nf6 5.Qe2 d5 6.exd5 Nxd5 7.O-O Be7 8.Rd1 
Qb6 9.c3 Bd7 10.d4 cxd4 11.Nxd4 Nxd4 12.Rxd4 Bb5 13.Qe1 O-O 14.a4 Bc6 15.
a5 Qc7 16.Nd2 Rad8 17.Ne4 h6 18.Rc4 Qb8 19.b3 e5 20.Ba3 Bxa3 21.Rxa3 f5 
22.Nc5 Qd6 23.Ra1 b5 24.axb6 Nxb6 25.Bxc6 Qxc6 26.Qxe5 Nxc4 27.bxc4 Rfe8 
28.Qxf5 Rc8 29.Nd3 Rc7 30.c5 Rce7 31.c4 Rd8 32.Nf4 Rf7 33.Qe5 Rc8 34.Rd1 
Qf3 35.Re1 a5 36.h4 a4 37.Qd5 Qxd5 38.cxd5 Rxc5 39.Re8+ Kh7 40.h5 Rxf4 41.
gxf4 Rxd5 42.Ra8 Rd4 43.Kg2 Rxf4 44.Kg3 Rb4 45.f4 g5 46.Ra7+ Kh8 47.fxg5 
hxg5 48.Ra5 Kg7 49.Rxg5+ 1/2-1/2

[Event "94th GER-ch"]
[Site "Ostfildern GER"]
[Date "2023.08.14"]
[Round "1.5"]
[White "Wachinger, Nikolas"]
[Black "Gloeckler, Christian"]
[Result "0-1"]
[WhiteElo "2446"]
[BlackElo "2318"]
[EventDate "2023.08.13"]
[PlyCount "54"]

1.e4 c5 2.Nc3 d6 3.Bb5+ Nd7 4.a4 Nf6 5.f4 a6 6.Bc4 g6 7.Nf3 Bg7 8.e5 Nh5 
9.d4 cxd4 10.Qxd4 dxe5 11.Bxf7+ Kxf7 12.Ng5+ Ke8 13.Qc4 Rf8 14.Be3 exf4 
15.Nd5 Ndf6 16.Nc7+ Qxc7 17.Qxc7 Nd5 18.Qc4 Nxe3 19.Qb3 h6 20.Ne6 Bxe6 21.
Qxe6 Rf6 22.Qe4 Kf7 23.Qxb7 Rd8 24.Qb3+ Re6 25.Kf2 Rd2+ 26.Kf3 g5 27.h3 
Nxc2 0-1

[Event "94th GER-ch"]
[Site "Ostfildern GER"]
[Date "2023.08.14"]
[Round "1.6"]
[White "Wichmann, Cliff"]
[Black "Krassowizkij, Jaroslaw"]
[Result "1/2-1/2"]
[WhiteElo "2310"]
[BlackElo "2445"]
[EventDate "2023.08.13"]
[PlyCount "80"]

1.d4 Nf6 2.c4 g6 3.Nc3 d5 4.Nf3 Bg7 5.cxd5 Nxd5 6.e4 Nxc3 7.bxc3 c5 8.Bb5+
Nc6 9.d5 a6 10.Be2 Ne5 11.Nxe5 Bxe5 12.Qd2 e6 13.f4 Bg7 14.d6 e5 15.O-O 
exf4 16.Qxf4 O-O 17.Be3 b6 18.a4 Bxc3 19.Rac1 Bg7 20.a5 Be6 21.axb6 Qxb6 
22.Rxc5 Qb2 23.Rf2 Bd4 24.Bf1 Bxe3 25.Qxe3 Qb4 26.e5 a5 27.Rb5 Qh4 28.g3 
Qd8 29.Qa3 a4 30.Rf4 Ra5 31.Rfb4 Rxb5 32.Rxb5 f6 33.Qxa4 fxe5 34.Qa1 Qxd6 
35.Qxe5 Qxe5 36.Rxe5 Bf7 37.Rc5 Re8 38.Bc4 Bxc4 39.Rxc4 Re2 40.Rc7 Ra2 
1/2-1/2

[Event "94th GER-ch"]
[Site "Ostfildern GER"]
[Date "2023.08.14"]
[Round "1.7"]
[White "Deuer, Marius"]
[Black "Weber, Samuel"]
[Result "1-0"]
[WhiteElo "2440"]
[BlackElo "2276"]
[EventDate "2023.08.13"]
[PlyCount "89"]

1.d4 Nf6 2.c4 g6 3.g3 Bg7 4.Bg2 d6 5.Nf3 O-O 6.Nc3 Nc6 7.O-O e5 8.d5 Nb8 
9.c5 Na6 10.cxd6 cxd6 11.h3 Bd7 12.Be3 b5 13.a3 Ne8 14.Qd2 Rc8 15.Bxa7 h6 
16.e4 f5 17.Be3 Kh7 18.Qe2 Nc5 19.Bxc5 Rxc5 20.Ne1 Nf6 21.Kh2 h5 22.Nd3 
Rc4 23.Nb4 Qb6 24.exf5 gxf5 25.Nc6 e4 26.a4 Bxc6 27.dxc6 Qxc6 28.axb5 Qc5 
29.Ra6 Rb4 30.Rd1 Rd8 31.Rda1 Rd7 32.Rc6 Qe5 33.b6 h4 34.Rc7 hxg3+ 35.fxg3
Rxb6 36.Rxd7 Nxd7 37.Qh5+ Kg8 38.Ra8+ Nf8 39.Re8 Qd4 40.Qxf5 Rxb2 41.Nxe4 
Qc4 42.Rxf8+ Bxf8 43.Qg6+ Kh8 44.Qf6+ Bg7 45.Qh4+ 1-0

[Event "94th GER-ch"]
[Site "Ostfildern GER"]
[Date "2023.08.14"]
[Round "1.8"]
[White "Lagunow, Raphael"]
[Black "Eichstaedt, Mirko"]
[Result "1/2-1/2"]
[WhiteElo "2413"]
[BlackElo "2237"]
[EventDate "2023.08.13"]
[PlyCount "80"]

1.e4 e5 2.Nf3 Nc6 3.Bc4 Bc5 4.c3 Nf6 5.d3 a6 6.O-O d6 7.a4 Ba7 8.Re1 O-O 
9.h3 Ne7 10.d4 Ng6 11.Bd3 Re8 12.Nbd2 Nh5 13.Bf1 Nhf4 14.Nc4 exd4 15.cxd4 
d5 16.exd5 Rxe1 17.Qxe1 Nxd5 18.Bg5 Qf8 19.Na5 Rb8 20.h4 h6 21.Bd2 Qe7 22.
Bc4 Qxe1+ 23.Rxe1 Be6 24.Rc1 Nge7 25.Nb3 Nf5 26.Nc5 Nd6 27.Bb3 Bxc5 28.
dxc5 Ne4 29.Be1 Nf4 30.Bc4 Nxc5 31.Bd2 Nfd3 32.Bxd3 Nxd3 33.Rxc7 Nxb2 34.
a5 Nc4 35.Bc3 b5 36.Nd4 b4 37.Nxe6 bxc3 38.Rxc4 fxe6 39.Rxc3 Rb1+ 40.Kh2 
Rb5 1/2-1/2

[Event "94th GER-ch"]
[Site "Ostfildern GER"]
[Date "2023.08.14"]
[Round "1.9"]
[White "Ronge, Tim"]
[Black "Meister, Jakob"]
[Result "1/2-1/2"]
[WhiteElo "2273"]
[BlackElo "2439"]
[EventDate "2023.08.13"]
[PlyCount "89"]

1.e4 e5 2.Nf3 Nc6 3.Bc4 Nf6 4.d4 exd4 5.e5 d5 6.Bb5 Nd7 7.O-O Be7 8.Bxc6 
bxc6 9.Nxd4 Nb8 10.Nc3 c5 11.Ndb5 c6 12.Nd6+ Bxd6 13.exd6 Qxd6 14.Re1+ Be6
15.Qf3 O-O 16.Bf4 Qe7 17.Qg3 Qf6 18.Bd6 Re8 19.Bxc5 Nd7 20.Be3 Bf5 21.Ne2 
c5 22.c3 Qc6 23.Rad1 Nf6 24.Qg5 Bc2 25.Rc1 Bg6 26.b4 cxb4 27.cxb4 Qa4 28.
Nc3 Qxb4 29.Nxd5 Nxd5 30.Qxd5 h6 31.h3 Be4 32.Qb3 Qa5 33.Red1 Qh5 34.Rd6 
Rab8 35.Qd1 Qa5 36.Qd2 Qxd2 37.Rxd2 Rb7 38.Rcd1 Bc6 39.Rc1 Bd7 40.Rcd1 Ba4
41.Rd8 Kh7 42.Rxe8 Bxe8 43.Kh2 a6 44.Rd6 Bb5 45.a4 1/2-1/2

[Event "94th GER-ch"]
[Site "Ostfildern GER"]
[Date "2023.08.14"]
[Round "1.10"]
[White "Koelle, Tobias"]
[Black "Bracker, Arne"]
[Result "1-0"]
[WhiteElo "2438"]
[BlackElo "2267"]
[EventDate "2023.08.13"]
[PlyCount "49"]

1.d4 Nf6 2.c4 e6 3.Bf4 d5 4.cxd5 Nxd5 5.Bg3 c5 6.e4 Nf6 7.Nd2 Qxd4 8.Ngf3 
Qd8 9.e5 Nd5 10.Bd3 Nc6 11.Qe2 Be7 12.a3 Bd7 13.O-O g5 14.h3 Qc7 15.Rac1 
h5 16.Ne4 g4 17.hxg4 hxg4 18.Nfg5 Nd4 19.Qxg4 O-O-O 20.Nxf7 Rhg8 21.Qd1 
Rdf8 22.Nfd6+ Kb8 23.Nxc5 Bc6 24.Be4 Nb5 25.Nxe6 1-0

[Event "94th GER-ch"]
[Site "Ostfildern GER"]
[Date "2023.08.14"]
[Round "1.11"]
[White "Wong, Gengchun"]
[Black "Weishaeutel, Moritz"]
[Result "1-0"]
[WhiteElo "2257"]
[BlackElo "2427"]
[EventDate "2023.08.13"]
[PlyCount "69"]

1.e4 e5 2.Nf3 Nc6 3.Bb5 a6 4.Ba4 Nf6 5.O-O Be7 6.Re1 b5 7.Bb3 O-O 8.h3 Bb7
9.d3 d6 10.c3 Na5 11.Bc2 c5 12.Nbd2 Nc6 13.Nf1 Re8 14.Ng3 Bf8 15.Nf5 Ne7 
16.Nxe7+ Qxe7 17.a4 h6 18.Bd2 Qc7 19.Nh4 g6 20.Qf3 Qe7 21.Bb3 Kh7 22.g4 
Bg7 23.g5 hxg5 24.Bxg5 c4 25.dxc4 bxa4 26.Rxa4 Qe6 27.Rb4 Bxe4 28.Rxe4 
Nxe4 29.Qxe4 Qxh3 30.Rb7 Rf8 31.c5 d5 32.Bxd5 f5 33.Rxg7+ Kh8 34.Qxe5 Qg4+
35.Kh2 1-0

[Event "94th GER-ch"]
[Site "Ostfildern GER"]
[Date "2023.08.14"]
[Round "1.12"]
[White "Nemitz, Alfred"]
[Black "Colbow, Collin"]
[Result "1-0"]
[WhiteElo "2228"]
[BlackElo "2409"]
[EventDate "2023.08.13"]
[PlyCount "120"]

1.d4 Nf6 2.Nf3 e6 3.Bg5 h6 4.Bh4 d5 5.e3 c5 6.c3 Qb6 7.Qc1 Nc6 8.Nbd2 Nh5 
9.Be2 g5 10.Bg3 Nxg3 11.hxg3 Bg7 12.O-O Bd7 13.Nb3 cxd4 14.exd4 O-O-O 15.
Nc5 Kb8 16.a4 Bc8 17.Qe3 Rhe8 18.Bb5 f6 19.Rfd1 e5 20.dxe5 g4 21.Nd4 Rxe5 
22.Na6+ Ka8 23.Qf4 Nxd4 24.a5 Qd6 25.cxd4 Re7 26.Nc5 a6 27.Bf1 f5 28.b4 
Qxf4 29.gxf4 h5 30.b5 axb5 31.Bxb5 h4 32.a6 b6 33.Bc6+ Ka7 34.Nb7 Rh8 35.
Nd6 b5 36.Nxb5+ Kb6 37.a7 Bb7 38.Bxb7 Kxb7 39.Rdb1 Ka8 40.Rc1 g3 41.Kf1 
gxf2 42.Rc5 Bh6 43.Rac1 Re1+ 44.Rxe1 fxe1=R+ 45.Kxe1 Bxf4 46.Rxd5 Rf8 47.
Rd7 Rc8 48.Ke2 Bg3 49.Rf7 Rc2+ 50.Kf3 Rf2+ 51.Ke3 Ra2 52.Rxf5 Kb7 53.Kf3 
Be1 54.d5 Bb4 55.d6 Kc6 56.Rf8 Bxd6 57.Nxd6 Rxa7 58.Nf5 Ra3+ 59.Kg4 Ra2 
60.Nxh4 Kd6 1-0

[Event "94th GER-ch"]
[Site "Ostfildern GER"]
[Date "2023.08.14"]
[Round "1.13"]
[White "Hacker, Jonas"]
[Black "Gramb, Marius"]
[Result "1/2-1/2"]
[WhiteElo "2406"]
[BlackElo "2219"]
[EventDate "2023.08.13"]
[PlyCount "86"]

1.e4 e5 2.Nc3 Nc6 3.f4 d6 4.Nf3 exf4 5.Bb5 a6 6.Ba4 g5 7.O-O Bg7 8.d4 b5 
9.Bb3 h6 10.Bd5 Nge7 11.Bxc6+ Nxc6 12.d5 Ne5 13.Nd4 O-O 14.Nce2 c5 15.dxc6
Qb6 16.Kh1 Nxc6 17.Nf5 Bxf5 18.exf5 Qc5 19.f6 Bxf6 20.Ng3 Qd4 21.Nf5 Qxd1 
22.Rxd1 Rad8 23.g3 fxg3 24.Nxh6+ Kh7 25.Ng4 Kg6 26.Nxf6 Kxf6 27.hxg3 Rfe8 
28.Bd2 Re2 29.Bc3+ Kg6 30.Rd2 Rxd2 31.Bxd2 Re8 32.Rd1 f5 33.Kg2 Re6 34.Bc3
Ne5 35.Re1 Kf7 36.Rf1 Kg6 37.Re1 Kf7 38.Rf1 Rf6 39.Rh1 Rg6 40.Rh7+ Rg7 41.
Rh6 Rg6 42.Rh7+ Rg7 43.Rh6 Rg6 1/2-1/2

[Event "94th GER-ch"]
[Site "Ostfildern GER"]
[Date "2023.08.14"]
[Round "1.14"]
[White "Kocharin, Timur"]
[Black "Arndt, Magnus"]
[Result "1/2-1/2"]
[WhiteElo "2179"]
[BlackElo "2405"]
[EventDate "2023.08.13"]
[PlyCount "65"]

1.e4 e5 2.Nf3 Nc6 3.Bb5 a6 4.Ba4 Nf6 5.O-O Be7 6.d3 b5 7.Bb3 d6 8.a3 O-O 
9.Nc3 Rb8 10.Be3 Na5 11.Ba2 c5 12.Nd5 c4 13.Nxe7+ Qxe7 14.Qd2 Qc7 15.Bg5 
Ne8 16.Qc3 Bg4 17.Bd2 Nc6 18.dxc4 Bxf3 19.Qxf3 bxc4 20.Bxc4 Nd4 21.Qd3 
Rxb2 22.Rfc1 a5 23.Bc3 Rxc2 24.Bxd4 Rxc1+ 25.Rxc1 exd4 26.Qxd4 Nf6 27.f3 
Rb8 28.Rd1 Ne8 29.h3 Kf8 30.Qd5 Rc8 31.Bb3 Qc5+ 32.Kf1 Qxd5 33.Rxd5 
1/2-1/2

[Event "94th GER-ch"]
[Site "Ostfildern GER"]
[Date "2023.08.14"]
[Round "1.15"]
[White "Ehmann, Thilo"]
[Black "Bosselmann, Tom Linus"]
[Result "1-0"]
[WhiteElo "2402"]
[BlackElo "2106"]
[EventDate "2023.08.13"]
[PlyCount "59"]

1.e4 c5 2.Nf3 d6 3.d4 cxd4 4.Nxd4 Nf6 5.Nc3 Nc6 6.Bg5 e6 7.Qd2 a6 8.O-O-O 
Bd7 9.f3 Nxd4 10.Qxd4 Be7 11.Kb1 Qc7 12.g4 b5 13.Be3 h6 14.h4 Rb8 15.Bg2 
b4 16.Ne2 Bb5 17.Qd2 Nd7 18.Nd4 Ne5 19.b3 h5 20.g5 g6 21.Bh3 Bd7 22.f4 Ng4
23.Bxg4 hxg4 24.h5 gxh5 25.f5 e5 26.f6 Bf8 27.Nf5 Rc8 28.Rh2 Qc3 29.Nxd6+ 
Bxd6 30.Qxd6 1-0

[Event "94th GER-ch"]
[Site "Ostfildern GER"]
[Date "2023.08.14"]
[Round "1.16"]
[White "Herrmann, Jakob"]
[Black "Dauner, Benedikt"]
[Result "0-1"]
[WhiteElo "2068"]
[BlackElo "2377"]
[EventDate "2023.08.13"]
[PlyCount "52"]

1.e4 c5 2.Ne2 Nc6 3.Nbc3 Nf6 4.d3 d5 5.Bg5 d4 6.Nb1 e5 7.g3 Bd6 8.Bg2 h6 
9.Bd2 Be6 10.O-O Nd7 11.f4 f6 12.f5 Bf7 13.Nc1 h5 14.a4 b6 15.Na3 a6 16.h4
Rb8 17.g4 hxg4 18.Qxg4 Ke7 19.Nc4 Bc7 20.Nb3 Qg8 21.Bf3 Qh7 22.Be1 Rbg8 
23.a5 g6 24.Kh2 gxf5 25.Qxf5 Qxf5 26.exf5 e4+ 0-1

[Event "94th GER-ch"]
[Site "Ostfildern GER"]
[Date "2023.08.14"]
[Round "1.17"]
[White "Schulz, Lukas"]
[Black "Buescher, Andre"]
[Result "1-0"]
[WhiteElo "2347"]
[BlackElo "2055"]
[EventDate "2023.08.13"]
[PlyCount "43"]

1.e4 c6 2.Nc3 d5 3.g3 dxe4 4.Nxe4 Nf6 5.Bg2 Nxe4 6.Bxe4 Nd7 7.Bg2 e5 8.d4 
Bd6 9.Nf3 O-O 10.O-O Qc7 11.b3 a5 12.Bb2 a4 13.c4 a3 14.Bc3 Re8 15.Re1 h6 
16.Qd3 b6 17.Rad1 Ba6 18.dxe5 Bxe5 19.Nxe5 Nxe5 20.Qf5 Nxc4 21.bxc4 Bxc4 
22.Qg4 1-0

[Event "94th GER-ch"]
[Site "Ostfildern GER"]
[Date "2023.08.14"]
[Round "1.18"]
[White "Feidt, Jonas"]
[Black "Stelmaszyk, Nico"]
[Result "0-1"]
[WhiteElo "1974"]
[BlackElo "2337"]
[EventDate "2023.08.13"]
[PlyCount "78"]

1.d4 Nf6 2.Nf3 e6 3.g3 b5 4.Bg2 Bb7 5.O-O Be7 6.a4 b4 7.Nbd2 d5 8.c4 bxc3 
9.bxc3 Nbd7 10.Ba3 Bxa3 11.Rxa3 Qe7 12.Ra2 O-O 13.Nb3 Ne4 14.Qd3 c5 15.Na5
c4 16.Qc2 Rab8 17.Nxb7 Rxb7 18.Ne5 Nxe5 19.Bxe4 Nc6 20.Bg2 f5 21.Rb1 Rfb8 
22.Rab2 Na5 23.f3 Rb3 24.e4 Qa3 25.Rxb3 cxb3 26.Qd3 f4 27.Bh3 Qd6 28.gxf4 
b2 29.e5 Qc6 30.f5 exf5 31.Qxf5 Qxc3 32.Qe6+ Kh8 33.Qd6 Rg8 34.Qc5 Nc4 35.
Bf5 Qxf3 36.Be6 Ne3 37.Bxd5 Nxd5 38.Rxb2 Nf4 39.Qc4 Nh3# 0-1

[Event "94th GER-ch"]
[Site "Ostfildern GER"]
[Date "2023.08.15"]
[Round "2.1"]
[White "Schulz, Lukas"]
[Black "Fridman, Daniel"]
[Result "1/2-1/2"]
[WhiteElo "2347"]
[BlackElo "2586"]
[EventDate "2023.08.13"]
[PlyCount "80"]

1.e4 e5 2.f4 exf4 3.Nf3 g5 4.d4 Bg7 5.Nc3 d6 6.g3 Nc6 7.d5 Ne5 8.gxf4 gxf4
9.Bxf4 Bg4 10.Be2 Nxf3+ 11.Bxf3 Bxc3+ 12.bxc3 Qf6 13.Bxg4 Qxf4 14.Qe2 Nh6 
15.h3 Nxg4 16.Qxg4 Qe3+ 17.Kd1 Qxc3 18.Rb1 b6 19.Rf1 Qe5 20.Rb3 h5 21.Qe2 
Qd4+ 22.Rd3 Qa4 23.Rc3 Qd4+ 24.Rd3 Qc4 25.Rxf7 O-O-O 26.Ra3 Qd4+ 27.Qd3 
Qa1+ 28.Ke2 Rdf8 29.Rxc7+ Kxc7 30.Rxa7+ Kb8 31.Ra8+ Kxa8 32.Qa6+ Kb8 33.
Qxb6+ Kc8 34.Qc6+ Kd8 35.Qxd6+ Ke8 36.Qe6+ Kd8 37.Qd6+ Kc8 38.Qc6+ Kb8 39.
Qb6+ Ka8 40.Qa6+ Kb8 1/2-1/2

[Event "94th GER-ch"]
[Site "Ostfildern GER"]
[Date "2023.08.15"]
[Round "2.2"]
[White "Stelmaszyk, Nico"]
[Black "Deuer, Marius"]
[Result "1/2-1/2"]
[WhiteElo "2337"]
[BlackElo "2440"]
[EventDate "2023.08.13"]
[PlyCount "103"]

1.e4 c6 2.Nf3 d5 3.d3 dxe4 4.dxe4 Qxd1+ 5.Kxd1 Nd7 6.Nbd2 Nc5 7.Ne5 Nf6 8.
f3 Nfd7 9.Nd3 g6 10.Nc4 Bg7 11.a4 Nxa4 12.Rxa4 b5 13.Ra2 bxc4 14.Nb4 Nb6 
15.Be3 Bb7 16.c3 O-O 17.Na6 Be5 18.Kc2 Bd6 19.Be2 f5 20.Nc5 Bc8 21.h3 fxe4
22.fxe4 Bf4 23.Bxf4 Rxf4 24.Kd2 h5 25.Ke3 e5 26.Rha1 Rb8 27.Rxa7 Rf7 28.
Rxf7 Kxf7 29.Ra7+ Kf6 30.Rc7 Kg5 31.Rxc6 h4 32.Bf1 Kh6 33.Be2 Kg5 34.Rd6 
Kh6 35.Rd8 Ra8 36.Bg4 Bxg4 37.Rxa8 Nxa8 38.hxg4 Nb6 39.Ke2 Kg5 40.Kf3 Kf6 
41.b4 cxb3 42.Nxb3 Nc4 43.Nc5 Kg5 44.Ne6+ Kf6 45.Nf8 Kg5 46.Nh7+ Kh6 47.
Nf6 Kg5 48.Nd5 Nd2+ 49.Ke3 Nc4+ 50.Kf3 Nd2+ 51.Ke3 Nc4+ 52.Kf3 1/2-1/2

[Event "94th GER-ch"]
[Site "Ostfildern GER"]
[Date "2023.08.15"]
[Round "2.3"]
[White "Miller, Eduard"]
[Black "Koelle, Tobias"]
[Result "0-1"]
[WhiteElo "2324"]
[BlackElo "2438"]
[EventDate "2023.08.13"]
[PlyCount "162"]

1.d4 Nf6 2.Bf4 d5 3.e3 c5 4.Nf3 Nc6 5.Nbd2 cxd4 6.exd4 Bf5 7.Bb5 e6 8.Ne5 
Qb6 9.c4 dxc4 10.a4 Qxd4 11.Nxc6 Qxf4 12.g3 Qc7 13.Nd4+ Nd7 14.Nxf5 exf5 
15.O-O O-O-O 16.Nxc4 Kb8 17.Qf3 g6 18.Rfc1 Bh6 19.Rc2 Ne5 20.Nxe5 Qxc2 21.
Nxf7 Bc1 22.Nxh8 Qxb2 23.Nf7 Qxa1 24.Nxd8 Bg5+ 25.Kg2 Bxd8 26.Qd5 Qf6 27.
h4 a6 28.Be2 Qe7 29.Bf3 Bb6 30.Kf1 Ka7 31.Kg2 Qc7 32.h5 Bc5 33.Qg8 Bd4 34.
hxg6 hxg6 35.Qxg6 Qc2 36.Kh3 Bxf2 37.Qf7 Qc8 38.Kg2 Bb6 39.Bd5 Qc2+ 40.Kh3
Bc7 41.Bf3 Qf2 42.Qxc7 Qxf3 43.Qc5+ b6 44.Qe7+ Qb7 45.Qe1 a5 46.Qd1 Qc6 
47.Kh2 Kb7 48.Qb3 Qd7 49.Kg2 Qe8 50.Kf2 Qe5 51.Kf1 Qe4 52.Qb5 Qf3+ 53.Ke1 
Qxg3+ 54.Ke2 Qg4+ 55.Kf2 Qd4+ 56.Kf3 Qe4+ 57.Kf2 Qc6 58.Qb3 Qc5+ 59.Kf3 
Qe5 60.Qc4 Qc7 61.Qb3 Qc5 62.Qf7+ Ka6 63.Qe8 Qd5+ 64.Kf4 Kb7 65.Qe7+ Kc6 
66.Qe8+ Qd7 67.Qh8 Kd5 68.Qa1 Qd6+ 69.Kg5 Qe7+ 70.Kg6 Qe6+ 71.Kg5 Qe3+ 72.
Kg6 f4 73.Qa2+ Ke4 74.Qe6+ Kf3 75.Qh3+ Ke2 76.Qg2+ Kd3 77.Qd5+ Kc3 78.Qc6+
Kb4 79.Qb5+ Ka3 80.Qc4 f3 81.Kf5 Qc5+ 0-1

[Event "94th GER-ch"]
[Site "Ostfildern GER"]
[Date "2023.08.15"]
[Round "2.4"]
[White "Gloeckler, Christian"]
[Black "Ehmann, Thilo"]
[Result "1-0"]
[WhiteElo "2318"]
[BlackElo "2402"]
[EventDate "2023.08.13"]
[PlyCount "97"]

1.e4 c5 2.Nc3 Nc6 3.Bb5 Nd4 4.Nf3 g6 5.Bc4 Bg7 6.Nxd4 cxd4 7.Qf3 Nh6 8.Ne2
O-O 9.d3 Ng4 10.Bb3 d6 11.h3 Ne5 12.Qg3 Nd7 13.h4 Nc5 14.h5 Nxb3 15.cxb3 
e5 16.f4 exf4 17.Bxf4 Qa5+ 18.Bd2 Qe5 19.Nf4 g5 20.h6 Bf6 21.O-O Kh8 22.
Rac1 Be6 23.Nh5 Qxg3 24.Nxg3 Be5 25.Nf5 f6 26.Rc7 Rf7 27.Rxf7 Bxf7 28.Nxd6
Bh5 29.Nc4 Be2 30.Rf5 Re8 31.Bxg5 Bxd3 32.Bxf6+ Bxf6 33.Rxf6 Kg8 34.Nd6 
Re7 35.Kf2 Bxe4 36.Rf4 Bb1 37.Rxd4 Rd7 38.a3 Kf8 39.Ke3 b6 40.g4 Rc7 41.
Nb5 Re7+ 42.Kf3 Kf7 43.g5 Kg6 44.Kg4 Bf5+ 45.Kh4 Bb1 46.Rf4 Re6 47.Nd4 Rd6
48.Nf3 Re6 49.Ne5+ 1-0

[Event "94th GER-ch"]
[Site "Ostfildern GER"]
[Date "2023.08.15"]
[Round "2.5"]
[White "Dauner, Benedikt"]
[Black "Wong, Gengchun"]
[Result "1-0"]
[WhiteElo "2377"]
[BlackElo "2257"]
[EventDate "2023.08.13"]
[PlyCount "95"]

1.e4 c5 2.Nf3 d6 3.d4 cxd4 4.Nxd4 Nf6 5.Nc3 a6 6.Be3 e5 7.Nb3 Be6 8.f3 h5 
9.Nd5 Bxd5 10.exd5 Nbd7 11.Qd2 g6 12.Rc1 Bg7 13.c4 O-O 14.Be2 Nh7 15.O-O 
f5 16.c5 dxc5 17.Nxc5 Nxc5 18.Bxc5 Rf6 19.d6 b6 20.Ba3 Nf8 21.Rfd1 Ra7 22.
Rc6 Kh7 23.Qc3 Ne6 24.Qxe5 Qe8 25.Rxb6 Rf8 26.d7 Rxd7 27.Qxe6 Rxd1+ 28.
Bxd1 Bd4+ 29.Kf1 Bxb6 30.Qxb6 Rf7 31.Bb3 Rg7 32.Qe6 Qb5+ 33.Qc4 Qb8 34.g3 
Rd7 35.Bc5 Qa8 36.Kg2 Rd2+ 37.Kh3 Rd7 38.Qe6 Rg7 39.Bd4 Rc7 40.Qf6 Qe8 41.
Be5 Ra7 42.f4 a5 43.Bd5 Kh6 44.b3 Kh7 45.a3 Kh6 46.b4 axb4 47.axb4 Kh7 48.
b5 1-0

[Event "94th GER-ch"]
[Site "Ostfildern GER"]
[Date "2023.08.15"]
[Round "2.6"]
[White "Poetsch, Hagen"]
[Black "Nemitz, Alfred"]
[Result "1/2-1/2"]
[WhiteElo "2484"]
[BlackElo "2228"]
[EventDate "2023.08.13"]
[PlyCount "88"]

1.d4 Nf6 2.Nf3 e6 3.g3 d5 4.Bg2 Nbd7 5.O-O c6 6.Nbd2 Bd6 7.Re1 O-O 8.e4 
dxe4 9.Nxe4 Be7 10.Nxf6+ Nxf6 11.Ne5 Bd7 12.c4 Qc8 13.Bf4 Rd8 14.Qb3 Be8 
15.Rad1 a5 16.a3 Nd7 17.Nd3 a4 18.Qc2 Bf6 19.Ne5 Nxe5 20.Bxe5 Bxe5 21.dxe5
Rxd1 22.Rxd1 c5 23.Rd6 Qc7 24.Qd2 Rb8 25.h4 b5 26.cxb5 Bxb5 27.h5 h6 28.
Be4 Kf8 29.Qe3 Ke7 30.f4 Rd8 31.Rxd8 Kxd8 32.Qd2+ Ke7 33.Kf2 Bc6 34.Bc2 
Qd7 35.Qxd7+ Kxd7 36.Ke3 Ke7 37.Kd3 Bb5+ 38.Kc3 f6 39.b3 axb3 40.Kxb3 fxe5
41.fxe5 Kd7 42.a4 Be2 43.Be4 Bd1+ 44.Kc4 Bxa4 1/2-1/2

[Event "94th GER-ch"]
[Site "Ostfildern GER"]
[Date "2023.08.15"]
[Round "2.7"]
[White "Krassowizkij, Jaroslaw"]
[Black "Tschernatsch, Johannes"]
[Result "0-1"]
[WhiteElo "2445"]
[BlackElo "2319"]
[EventDate "2023.08.13"]
[PlyCount "80"]

1.e4 c5 2.Nf3 d6 3.Bb5+ Bd7 4.Bxd7+ Qxd7 5.c4 Nf6 6.Nc3 g6 7.d4 cxd4 8.
Nxd4 Bg7 9.f3 Nc6 10.Be3 O-O 11.O-O a6 12.Qd3 Rfc8 13.b3 b5 14.cxb5 Ne5 
15.Qd2 d5 16.Na4 Qb7 17.bxa6 Qxa6 18.exd5 Nxd5 19.Bf2 Nd3 20.Rad1 N5f4 21.
Be3 e5 22.Nc2 Rd8 23.g3 Nh3+ 24.Kg2 Ndf4+ 25.gxf4 Rxd2+ 26.Bxd2 Nxf4+ 27.
Bxf4 exf4 28.Rf2 Qa5 29.Rfd2 h5 30.Rd5 Qc7 31.Ne1 Bf6 32.R1d2 Ra5 33.Rxa5 
Qxa5 34.Re2 Bd4 35.Kf1 Qg5 36.Rg2 Qb5+ 37.Re2 g5 38.Nc2 Bf6 39.Kf2 g4 40.
Na3 Bh4+ 0-1

[Event "94th GER-ch"]
[Site "Ostfildern GER"]
[Date "2023.08.15"]
[Round "2.8"]
[White "Eichstaedt, Mirko"]
[Black "Kunin, Vitaly"]
[Result "0-1"]
[WhiteElo "2237"]
[BlackElo "2532"]
[EventDate "2023.08.13"]
[PlyCount "170"]

1.d4 e6 2.Nf3 c5 3.g3 b6 4.Bg2 Bb7 5.O-O Nf6 6.c4 cxd4 7.Qxd4 Bc5 8.Qf4 
O-O 9.Nc3 Nc6 10.Rd1 Qe7 11.Ne4 Nxe4 12.Qxe4 h6 13.b3 d6 14.Qh4 f6 15.Bb2 
Qf7 16.Nd4 Nxd4 17.Bxd4 Bxg2 18.Kxg2 Rfd8 19.Qe4 f5 20.Qf3 Rac8 21.Bb2 a6 
22.a4 a5 23.Rd2 Qe7 24.Rad1 e5 25.e4 fxe4 26.Qxe4 Re8 27.Re2 Qf8 28.Rd3 
Kh8 29.Bc1 Qf7 30.Be3 Re6 31.f3 Rf8 32.Bxc5 bxc5 33.Qc6 Rf6 34.Ree3 Qg6 
35.Qe4 Qg5 36.h4 Qh5 37.Qc6 Qg6 38.Qe4 Qh5 39.Qc6 Qg6 40.Qe4 Qe8 41.Rd5 
R8f7 42.Rd2 Qf8 43.Rd1 Qb8 44.Qc6 Rc7 45.Qe4 Rb7 46.Rdd3 Rb6 47.Qd5 Qf8 
48.Rc3 Qc8 49.Rc1 Rb7 50.Qe4 Rbf7 51.Rd1 Rf8 52.Rc1 Qc7 53.Rd1 g6 54.Qd5 
Kg7 55.Rh1 R8f7 56.Qa8 Qb6 57.Qd5 Qb4 58.Rd1 Qb8 59.Qe4 Rb7 60.Rdd3 Qc8 
61.Rd1 Rbf7 62.Qd5 g5 63.hxg5 hxg5 64.g4 Rh6 65.Rh1 Rxh1 66.Kxh1 Rf6 67.
Re2 Qf8 68.Qd2 Rxf3 69.Qxg5+ Kf7 70.Kg2 Ke6 71.Qg6+ Kd7 72.Qh7+ Rf7 73.Qe4
Kc7 74.Kg3 Rf4 75.Qh7+ Kb6 76.Qh1 Qg8 77.Qh4 Qf8 78.Qh1 Rf1 79.Qe4 Qh6 80.
Rh2 Rg1+ 81.Rg2 Rh1 82.Kf2 Qd2+ 83.Kg3 Qc3+ 84.Kf2 Qb2+ 85.Qe2 Qd4+ 0-1

[Event "94th GER-ch"]
[Site "Ostfildern GER"]
[Date "2023.08.15"]
[Round "2.9"]
[White "Meister, Jakob"]
[Black "Wichmann, Cliff"]
[Result "0-1"]
[WhiteElo "2439"]
[BlackElo "2310"]
[EventDate "2023.08.13"]
[PlyCount "83"]

1.d4 e6 2.c4 d5 3.Nc3 c5 4.cxd5 exd5 5.Nf3 Nc6 6.Bf4 Nf6 7.e3 c4 8.Be2 Bb4
9.O-O O-O 10.Ne5 Re8 11.Qc2 Ne7 12.Rfc1 a6 13.a3 Bf5 14.Qd1 Ba5 15.Bf3 h6 
16.g4 Bxc3 17.bxc3 Bh7 18.Bg2 Nc6 19.Nxc6 bxc6 20.h3 Qa5 21.Qd2 Ra7 22.Qb2
Qb5 23.Qb4 Rb7 24.Bd6 a5 25.Qxb5 Rxb5 26.Ra2 Rb3 27.Bc7 Ra8 28.f3 Ra7 29.
Be5 Nd7 30.Bd6 Bd3 31.Bf1 Bg6 32.e4 Rab7 33.e5 Nb6 34.a4 Nd7 35.f4 Be4 36.
f5 g6 37.e6 Nf6 38.Rf2 gxf5 39.gxf5 Rb2 40.Rf4 fxe6 41.fxe6 Rg7+ 42.Bg2 
0-1